Die unnötigsten territorial Flaggen der Welt - Statistiken

Allgemein
  • Dieses Quiz wurde 330 mal gespielt
    307 seit der letzten Aktualisierung
  • Das Durchschnittsergebnis liegt bei 44 aus 121
Antwortstatistiken
Bildquiz Antwort % Korrekt
Wales
81%
Grönland
80%
England
78%
Hongkong
72%
Mayotte
70%
Britische Jungferninseln
69%
Gibraltar
69%
Guam
69%
Norfolkinsel
69%
Schottland
69%
Isle of Man
67%
Jersey
64%
Puerto Rico
64%
Nordirland
63%
Åland-Inseln
61%
Palästina
61%
Aruba
60%
Macau
59%
Neukaledonien
59%
Bermuda
58%
Curaçao
58%
Färöer
58%
Anguilla
55%
Amerikanische Jungferninseln
54%
Amerikanisch-Samoa
54%
Cookinseln
53%
Weihnachtsinsel
53%
Französisch-Polynesen
51%
Kokosinseln
51%
Osterinsel
50%
Kurdistan
49%
Niue
49%
Guernsey
48%
Katalonien
48%
Nördliche Marianen
48%
Tibet
47%
Tokelau
47%
Transnistrien
46%
Bonaire
45%
Nordzypern
45%
Sint Maarten
45%
Britisches Territorium im Indischen Ozean
44%
Réunion
44%
Westsahara
44%
Pitcairninseln
43%
Abchasien
42%
Französische Süd- und Antarktisgebiete
42%
Französisch-Guyana
42%
Québec
42%
Südossetien
42%
Turks- und Caicosinseln
42%
Falklandinseln
41%
Somaliland
41%
Sardinien
40%
Alaska
39%
Wake Island
39%
Johnston-Atoll
38%
Montserrat
38%
Arzach
37%
Guadeloupe
37%
Antarktis
36%
Saint-Pierre und Miquelon
36%
Sizilien
36%
Hawaii
35%
Wallis und Futuna
35%
Südgeorgien und die Südlichen Sandwichinseln
34%
Korsika
33%
Saint Helena
33%
Baskenland
32%
Kaimaninseln
32%
Martinique
32%
Saint-Barthélemy
31%
Galápagos-Inseln
29%
Tristan da Cunha
29%
Saba
27%
Azoren
25%
Kaliningrad
25%
Krim
25%
Darfur
23%
Schonen
23%
Sint Eustatius
23%
Ascension
21%
Madeira
21%
Sark
21%
Kanarische Inseln
20%
Mallorca
20%
Britisches Antarktis-Territorium
19%
District of Columbia
18%
Samen
18%
Flämische Region
17%
Menorca
17%
Tschetschenien
17%
Bali
16%
Ceuta
16%
Midwayinseln
16%
Wallonien
16%
Bougainville
15%
Navassa-Insel
15%
Prinz-Edward-Insel
14%
West Papua
14%
Barotseland
13%
Ibiza
13%
La Palma
13%
Gran Canaria
12%
Herm
12%
Jarvis Island
12%
Tasmanien
12%
Orkney
11%
Shetlandinseln
11%
Formentera
10%
Kingman-Reef
10%
Melilla
10%
Alderney
9%
Bandera Juan Fernández
9%
La Gomera
9%
Palmyra-Atoll
9%
El Hierro
8%
Fuerteventura
8%
Lord-Howe-Insel
8%
Teneriffa
8%
Lanzarote
7%
Keine übereinstimmenden Quizze gefunden
Verteilung der Resultate
Anzahl Personen mit jedem Resultat
Perzentil nach korrekt beantworteten Fragen
Ihre Resultats-Entwicklung
Sie haben dieses Quiz seit der letzten Aktualisierung nicht gespielt